<The> Environmental FMEA in antifragile systems

Guardado en:
Detalles Bibliográficos
Autor principal: Tkáč, Michal, 1958-
Otros Autores: Turisová, Renáta, Weiss, Gabriel
Formato: Capítulo de libro
Lenguaje:inglés
Materias:
Etiquetas: Agregar Etiqueta
Sin Etiquetas, Sea el primero en etiquetar este registro!

MARC

LEADER 00000naa$a2200000$$$4500
001 0238877
005 20250707085859.7
041 0 |a eng 
044 |a CZ 
245 1 0 |a <The> Environmental FMEA in antifragile systems  |c M. Tkáč, R. Turisová, G. Weiss 
500 |a Poster z konferencie 
610 2 0 |a environmentalistika 
610 2 0 |a risk management 
610 2 0 |a ekológia 
610 2 0 |a prostredie životné 
610 2 0 |a štandardy 
100 1 |a Tkáč, Michal, 1958- 
700 1 |a Turisová, Renáta 
700 1 |a Weiss, Gabriel